| 000 | 00462nam a2200157Ia 4500 | ||
|---|---|---|---|
| 008 | 240729s9999 xx 000 0 und d | ||
| 022 | _a2583-3790 | ||
| 245 | 0 | _aJournal of Advanced Mechanical Sciences | |
| 260 | _aIndia | ||
| 260 | _bJournal of advanced mechanical sciences | ||
| 650 | _a Mechanical engineering and machinery | ||
| 650 | _aTechnology | ||
| 856 | _uhttps://doaj.org/toc/e8a50c7a3aee4b0883786b5a3411a053 | ||
| 942 | _2ddc | ||
| 942 | _cDOAJEJ | ||
| 999 |
_c72300 _d72300 |
||
| 945 |
_a1 _bMadushi Gamage _c1 _dMadushi Gamage |
||